| 000 | 00386nam a2200133Ia 4500 | ||
|---|---|---|---|
| 005 | 20260328101517.0 | ||
| 008 | 260328s9999||||xx |||||||||||||| ||und|| | ||
| 100 | _aMartinez de Uruquidi, Gonzalo | ||
| 245 | 0 |
_aPuente Urbano Santander Santiago / _cGonzalo Martinez de Uruquidi |
|
| 260 | _bColegio de Arquitectos de Chile | ||
| 300 | _a55 p. | ||
| 650 | _aARQUITECTURA CIVIL | ||
| 942 | _cBK | ||
| 999 |
_c9430 _d9430 |
||